Pharmacoeconomic aspects of clindamycin in stomatologic prophylactic use

Bibliographic Details
Main Authors: Jarčuška, Pavol, 1963- (Author), Hugecová, D. (Author), Hugec, Peter (Author), Patakyová, A. (Author), Schréter, Ivan, 1949- (Author), Adamkovičová, Elena (Author), Kristian, Pavol, 1972- (Author)
Format: Article
Language:English
PhysicalDescription:Tab.
ISSN:1335-1885
Subjects:

MARC

LEADER 00000nab a2200000 a 4500
001 vtls001495741
003 SK-MaSNL
005 20260318122124.0
008 141112c1999 xo 0 eng
015 |a SNBCL2005/2 
040 |a SLKCL  |b slo  |c SNKBUCL  |e AACR2 
041 |a eng 
044 |a xo  |c SK 
080 |a 615.281:616.314:579.861.2  |2 1981 
245 0 0 |a Pharmacoeconomic aspects of clindamycin in stomatologic prophylactic use  |c P. Jarčuška ... [et al.] 
300 |b Tab. 
504 |a Bibliogr. odkazy 
650 0 7 |a klindamycín  |x aplikácia a dávkovanie  |2 MESH  |9 1505600 
650 0 7 |a ekonomika v stomatológii  |x organizácia a riadenie  |2 MESH  |9 1505601 
650 0 7 |a profylaxia zubná  |x metódy  |2 MESH  |9 1505602 
650 0 7 |a Staphylococcus  |x izolácia a purifikácia  |2 MESH  |9 1312304 
650 0 7 |a infekcia ložisková zubná  |2 MESH  |9 1461068 
650 0 7 |a farmaceutická ekonomika  |2 MESH  |9 4987 
700 1 |a Jarčuška, Pavol,  |d 1963-  |4 aut  |9 209678 
700 1 |a Hugecová, D.  |4 aut  |9 916546 
700 1 |a Hugec, Peter  |4 aut  |9 886157 
700 1 |a Patakyová, A.  |4 aut  |9 1505603 
700 1 |a Schréter, Ivan,  |d 1949-  |4 aut  |9 199518 
700 1 |a Adamkovičová, Elena  |4 aut  |9 595172 
700 1 |a Kristian, Pavol,  |d 1972-  |4 aut  |9 220811 
773 0 |t Journal of health management and public health  |g Vol. 4, no. 1 (1999), s. 46-50  |x 1335-1885 
850 |a Slovenská lekárska knižnica v Bratislave  |a BA006 
852 |a BA006  |b KIS3GCP  |b 000500000 
999 |c 3008021  |d 3009951